|
|
|
|
| LEADER |
00000cam a2200000 a 4500 |
| 001 |
vtls011134273 |
| 003 |
SK-MaSNL |
| 005 |
20260415085008.0 |
| 008 |
240318s2015 xo da e n 000 0 slo |
| 015 |
|
|
|a SNBA2015/11
|
| 020 |
|
|
|a 9788081682469
|q (brož.)
|
| 035 |
|
|
|a B2127C40-3C04-440E-BEB2-D15DA69D36D0
|
| 035 |
|
|
|a urn:nbn:sk:snk-aml5qo
|
| 035 |
|
|
|a urn:nbn:sk:snk-am008vd6
|
| 040 |
|
|
|a SNK
|b slo
|c SNK
|e AACR2
|
| 041 |
0 |
|
|a slo
|
| 044 |
|
|
|a xo
|c SK
|
| 072 |
|
7 |
|a 33
|x Ekonómia
|2 konspekt
|
| 072 |
|
7 |
|a 330.8
|x Ekonomické teórie, doktríny, smery
|2 konspekt
|
| 080 |
|
|
|a 33
|2 2001
|
| 080 |
|
|
|a (075.8)
|2 2001
|
| 080 |
|
|
|a (076.5)
|2 2001
|
| 080 |
|
|
|a 330.8
|2 2001
|
| 100 |
1 |
|
|a Rozborilová, Dária,
|d 1949-
|4 aut
|9 200704
|
| 245 |
1 |
0 |
|a Ekonómia
|b praktikum
|n I.
|p Ekonomická teória
|c Daria Rozborilová a kolektív
|
| 246 |
3 |
0 |
|a Ekonomická teória
|
| 250 |
|
|
|a 1. vyd.
|
| 260 |
|
|
|a Bratislava
|b Wolters Kluwer
|c 2015
|
| 300 |
|
|
|a 200 s.
|b grafy, tab.
|c 24 cm
|
| 366 |
|
|
|e 1000 výt.
|
| 490 |
1 |
|
|a Ekonómia ;
|v 559
|
| 504 |
|
|
|a Bibliogr.: s. [199]-200
|
| 650 |
0 |
7 |
|a ekonómia
|2 SNKPH
|9 788
|
| 650 |
0 |
7 |
|a Economics
|2 SNKPHeng
|9 265310
|
| 650 |
0 |
7 |
|a ekonomické teórie
|2 SNKPHeng
|9 2164
|
| 650 |
0 |
7 |
|a Economic theories
|2 SNKPHeng
|9 267247
|
| 655 |
|
7 |
|a učebnice vysokých škôl
|2 SNKPH
|9 70191
|
| 655 |
|
7 |
|a praktické cvičenia
|2 SNKPH
|9 70517
|
| 655 |
|
7 |
|a Textbooks (higher)
|2 SNKPHeng
|9 276436
|
| 655 |
|
7 |
|a Problems, exercises, etc.
|2 SNKPHeng
|9 278342
|
| 700 |
1 |
|
|a Čaplánová, Anetta,
|d 1967-
|4 aut
|9 216180
|
| 700 |
1 |
|
|a Martincová, Marta,
|d 1955-
|4 aut
|9 216183
|
| 700 |
1 |
|
|a Muchová, Eva,
|d 1961-
|4 aut
|9 216189
|
| 700 |
1 |
|
|a Piovarčiová, Veronika,
|d 1951-
|4 aut
|9 1636920
|
| 810 |
2 |
|
|a Ekonomická univerzita v Bratislave
|t Ekonómia
|9 323052
|
| 852 |
|
|
|a Štátna vedecká knižnica v Banskej Bystrici
|
| 919 |
|
|
|a 978-80-8168-246-9
|
| 958 |
|
|
|a NB
|
| 999 |
|
|
|c 1187331
|d 1189261
|
| 952 |
|
|
|a SNK
|b SNK
|y PREZ
|7 0
|p 17A1173824
|o snkSC 166814/1
|i snk2015/30214
|8 0
|0 0
|1 0
|4 0
|d 2015-11-03
|f 1
|l 0
|r 2026-02-24 21:59:56
|w 2026-02-24
|
| 952 |
|
|
|a SNK
|b SNK
|y VYP
|7 0
|p 17A1173825
|o snkSC 166814/1 D1
|i snk2015/30215
|8 0
|0 0
|1 0
|4 0
|d 2015-11-03
|l 0
|r 2026-02-24 21:59:56
|w 2026-02-24
|